Biggest cities in the Philadelphia area - Statistics

General Stats
  • This quiz has been taken 44 times
    32 since last reset
  • The average score is 16 of 90
Answer Stats
Population Answer % Correct
1,603,797 Philadelphia
100%
71,791 Camden
75%
70,898 Wilmington
75%
32,605 Chester
67%
18,671 West Chester
67%
62,707 Bensalem
58%
85,681 Upper Darby
58%
58,502 Abington
50%
52,983 Levittown
50%
35,748 Norristown
50%
54,291 Bristol
42%
74,553 Cherry Hill
42%
24,695 King of Prussia
42%
63,633 Lower Merion
42%
30,601 Newark
42%
37,452 Cheltenham
33%
29,181 Drexel Hill
33%
19,895 Newtown
33%
60,780 Vineland
33%
23,060 Bear
25%
17,971 Doylestown
25%
46,040 Middletown
25%
23,192 Middletown
25%
27,491 Millville
25%
33,613 Upper Merion
25%
31,841 Bel Air North
17%
57,648 Bel Air South
17%
27,263 Bridgeton
17%
23,983 Burlington
17%
18,295 Concord
17%
31,977 Deptford
17%
46,826 Evesham
17%
34,716 Falls
17%
66,034 Gloucester
17%
50,431 Haverford
17%
18,773 Lansdale
17%
24,214 Marple
17%
44,633 Mount Laurel
17%
37,074 Pennsauken
17%
18,602 Phoenixville
17%
23,433 Pottstown
17%
31,053 Ridley
17%
48,677 Washington
17%
22,197 West Deptford
17%
16,201 West Norriton
17%
16,791 Aston
8%
18,410 East Goshen
8%
16,284 Hilltown
8%
19,980 Maple Shade
8%
25,862 Montgomery
8%
39,915 Northampton
8%
33,228 Radnor
8%
25,070 Springfield
8%
20,814 Springfield
8%
16,898 Upper Chichester
8%
26,116 Upper Moreland
8%
24,091 Upper Providence
8%
31,069 Voorhees
8%
33,603 Warminster
8%
23,040 West Goshen
8%
16,254 Aberdeen
0%
20,851 Buckingham
0%
17,064 Cinnaminson
0%
17,882 Delran
0%
25,713 Edgewod
0%
16,380 Franklin
0%
23,149 Glassboro
0%
18,640 Hatfield
0%
26,564 Horsham
0%
20,458 Limerick
0%
17,613 Lindenwold
0%
32,559 Lower Makefield
0%
25,625 Lower Providence
0%
20,599 Lower Southampton
0%
24,497 Medford
0%
37,117 Monroe
0%
21,355 Moorestown
0%
26,903 Pemberton
0%
18,256 Plymouth
0%
18,009 Towamencin
0%
31,927 Tredyffrin
0%
26,665 Upper Dublin
0%
17,072 Upper Gwynedd
0%
19,161 Uwchlan
0%
25,639 Warrington
0%
19,632 West Whiteland
0%
19,707 Whitemarsh
0%
20,333 Whitpain
0%
31,889 Willingboro
0%
39,907 Winslow
0%
No matching quizzes found
Score Distribution
Percent of People with Each Score
Percentile by Number Answered
Your Score History
You have not taken this quiz since the last reset